Feyenoord Squad 1969-1970 - Statistics

General Stats
  • This quiz has been taken 5 times
  • The average score is 10 of 24
Answer Stats
Position Nation Player % Correct
FW Netherlands Coen Moulijn
80%
GK Netherlands Eddy Treijtel
80%
MF Netherlands Wim Jansen
80%
GK Netherlands Eddy Pieters Graafland
60%
Coach Austria Ernst Happel
60%
MF Austria Franz Hasil
60%
FW Netherlands Henk Wery
60%
FW Sweden Ove Kindvall
60%
DF Netherlands Rinus Israël
60%
FW Netherlands Ruud Geels
60%
MF Netherlands Willem van Hanegem
60%
DF Netherlands Guus Haak
40%
DF Netherlands Joop van Daele
40%
DF Netherlands Piet Romeijn
40%
DF Netherlands Theo Laseroms
40%
DF Netherlands Theo van Duivenbode
40%
MF Netherlands Wim de Haan
40%
MF Netherlands Aad van der Vall
20%
DF Netherlands Matty van Toorn
20%
FW Netherlands Henk van Leeuwen
0%
DF Netherlands Jan Maliepaard
0%
MF Netherlands Piet Vrauwdeunt
0%
FW Netherlands Rob Theuns
0%
MF Netherlands Ruud Wierts
0%
No matching quizzes found
Score Distribution
Percent of People with Each Score
Percentile by Number Answered
Your Score History
You have not taken this quiz